| 000 | 00569cab a2200205 4500 | ||
|---|---|---|---|
| 001 | ABS39054 | ||
| 008 | 090401t1988 xxu||||| |||| 00| 0 eng d | ||
| 035 | _a(Sirsi) u14091 | ||
| 041 | _aeng | ||
| 100 | _aHayton, R.V. | ||
| 245 | _aBusiness viability | ||
| 260 | _c1988 | ||
| 350 | _a0 | ||
| 490 |
_aFarm Management _v6(9) Spring 1988, 353-358(4) |
||
| 520 | _aLooks at business viability from a farmers point of view, comparing short term and long term viability. | ||
| 650 | _aFARM BUSINESS | ||
| 690 | _aRURAL PRACTICE | ||
| 942 | _n0 | ||
| 948 | _c04/03/1997 | ||
| 999 |
_c9139 _d9139 |
||